000 00903 a2200229 4500
008 240605b mp ||||| |||| 00| 0 mon d
020 _a978-99962-0-287-2
035 _a2490
040 _aHE0623081
_bmon
_cMN-UlNLM
_dMN-UlNLM
_erda
041 _amon
042 _a9556
084 _2NNA
_a84(0)
_bГ.185
100 _aАрджилли М., Парка Г.
245 0 _aХадаасханд тохиолдсон адал явдлууд
264 _aУБ.
_bМонсудар ХГ
_c2010
300 _a200х.
336 _2rdacontent
_atext
_btxt
337 _2rdamedia
_aunmediated
_bn
338 _2rdacarrier
_avolume
_bnc
650 _aПрофессор Пилуккагийн дэггүй төмөр хүү Хадаасханыг хүн бүхэн танина. Зарим нь түүнийг сайн хүү гэдгийг мэдэх бол Чичетти мэтийн ...
942 _2NNA
_cBK
999 _c875016
_d875073